USA Sample Platter Quiz Stats

 Plays Quiz not verified by Sporcle

Support Sporcle.
Go Orange.
Score 0/15 Timer 05:00
1 Play Today
Question Answer % Correct
This is the most celebrated sporting event in the United States, with over 100 million people tuning in each year.Super Bowl
97.2%
Besides English, this is the most common language spoken in the United States.Spanish
92.4%
This addicting trivia website was founded on January 30th, 2007 in Washington, USA.Sporcle
91.2%
This well known American hosted her own talk show from 1986 to 2011 and is the first African American woman to have a net worth over one billion dollars.Oprah Winfrey
89.3%
This fruit based dessert is often considered a standard for being American.Apple pie
83.1%
This man became the most well known American author of his time with writings such as 'The Raven' and 'The Pit and the Pendulum'Edgar Allan Poe
82.8%
This American religious movement was founded by Joseph Smith in the 1820s.Mormonism
79.4%
This major broadcast network was founded as a radio station in 1927 as the United Independent Broadcasters.CBS
73.5%
Question Answer % Correct
American cinema has been incredibly influential and profitable, with this film being the first to gross over one billion dollars worldwide.Titanic
72.9%
This genre of music was invented by the African-American community at the end of the 19th century, and has since influenced many genres of American music.Blues
69.9%
This is the only American federal holiday celebrated in February.Washington's Birthday
69.6%
This was the first non-colony to become a state, becoming the 14th state in 1791.Vermont
56.6%
Though July 4th is the American Independence Day, the Delcaration of Independence was not signed until this day.August 2, 1776
24.5%
The United States Military invented the internet, then known as this.ARPANET
17.6%
The United States saw the invention of this home video game console in 1972, the first of its kind.Magnavox Odyssey
7.7%

You're not logged in!

Compare scores with friends on all Sporcle quizzes.
OR
Log In

From the Vault

March Madness Mediocrity

by ClintT13

These teams can get to the big dance, but they can't do the electric slide.
Remove Ads.
Support Sporcle.
Get the best of Sporcle when you Go Orange. This ad-free experience offers more features, more stats, and more fun while also helping to support Sporcle. Thank you for becoming a member.

Show Comments

Extras

Top Quizzes Today


Score Distribution

Your Account Isn't Verified!

In order to create a playlist on Sporcle, you need to verify the email address you used during registration. Go to your Sporcle Settings to finish the process.

Report this User

Report this user for behavior that violates our Community Guidelines.

Details: